Statistics for Top 20 NHL Players with the most career assists

Click here to take the quiz!

General Stats

  • This quiz has been taken 64 times
    (23 since last reset)
  • The average score is 15 of 20

Answer Stats

Career AssistsYears Active (NHL)Answer% Correct
1,1551990-2018Jaromír Jágr
100%
1,0331984-1997, 2000-2006Mario Lemieux
100%
1,9631979-1999Wayne Gretzky
100%
1,0491946-1971, 1973-1980, 1997.Gordie Howe
94%
1,0161985-2009Joe Sakic
94%
1,1931978-2004Mark Messier
94%
9522005-presentSidney Crosby
94%
1,0631983-2006Steve Yzerman
94%
1,1691979-2001Ray Bourque
82%
1,1091997-2022Joe Thornton
76%
1,0401967-1989Marcel Dionne
76%
1,0791985-2004Adam Oates
71%
9011975-1994Bryan Trottier
71%
9561988-2011Mark Recchi
71%
1,1351980-2001Paul Coffey
65%
1,2491981-2004Ron Francis
65%
9261958-1980Stan Mikita
53%
9641979-2003Doug Gilmour
47%
9341981-2003Al MacInnis
41%
9291980-2001Larry Murphy
35%

Score Distribution

Percentile by Number Answered

Percent of People with Each Score

Your Score History

You have not taken this quiz since the last reset